Mario Echandi: abogado de asesinos
Guardat en:
| Autor corporatiu: | |
|---|---|
| Format: | Text |
| Publicat: |
La Habana:
Editorial En Marcha
|
| Etiquetes: |
Afegir etiqueta
Sense etiquetes, Sigues el primer a etiquetar aquest registre!
|
MARC
| LEADER | 00000 a a2200000 04500 | ||
|---|---|---|---|
| 001 | 14263 | ||
| 003 | |||
| 040 | |||
| 090 | |a 017900 | ||
| 110 | |a Cuba. Gobierno | ||
| 245 | |a Mario Echandi: abogado de asesinos | ||
| 260 | |a La Habana: |b Editorial En Marcha | ||
| 300 | |a 46 p. | ||
| 999 | |c 13155 |d 13155 | ||
